Homilías marianas

Salvato in:
Dettagli Bibliografici
Autore principale: Andrés de Creta (Autore)
Natura: Libro
Lingua:spagnolo
Pubblicazione: Madrid Ciudad Nueva 1995
Serie:Biblioteca de Patrística, 29
Soggetti:
Tags: Aggiungi Tag
Nessun Tag, puoi essere il primo ad aggiungerne!!

MARC

LEADER 00000nam a2200000 a 4500
001 UCU7340
003 CL-VaPUC
008 960628e19950000SP |||||||||||||||||spa|d
082 0 4 |a 281  |b AND  |2 21 
100 0 |a Andrés de Creta  |e author  |9 366131 
245 1 0 |a Homilías marianas 
300 |a 188 p 
942 |c BK 
945 |d 19960628 00:00:00  |a aalvarez 
260 |a Madrid  |b Ciudad Nueva  |c 1995 
600 0 |a Iglesia católica  |9 255129 
600 0 |a Virgen María   |9 314204 
650 0 |a Padres de la Iglesia  |9 313352 
650 0 |a Patrística  |9 322007 
650 0 |a Historia  |9 255047 
650 0 |a Homilías  |9 366132 
650 0 |a Patrología  |9 349346 
583 |a last modification  |c 19960628 00:00:00  |k Rodrigo Vera 
490 0 |a Biblioteca de Patrística, 29 
999 |c 250001  |d 249999 
952 |0 0  |1 0  |4 0  |6 281_000000000000000_AND_1995  |7 0  |8 A  |9 267626  |a BIBTEO  |b BIBTEO  |d 2019-11-19  |i 3211347  |o 281 AND 1995  |p 3211347  |r 2025-01-17  |w 2019-11-19  |y BK  |k ICR 
952 |0 0  |1 0  |4 0  |6 281_000000000000000_AND_1995  |7 0  |8 A  |9 267627  |a BIBTEO  |b BIBTEO  |d 2019-11-19  |i 3678679  |o 281 AND 1995  |p 3678679  |r 2025-01-17  |w 2019-11-19  |y BK  |k ICR